| 000 -LEADER |
| fixed length control field |
01772nam a2200157 4500 |
| 008 - FIXED-LENGTH DATA ELEMENTS--GENERAL INFORMATION |
| fixed length control field |
190225b ||||| |||| 00| 0 eng d |
| 100 ## - MAIN ENTRY--PERSONAL NAME |
| Personal name |
Gell-Redman, Micah |
| 245 ## - TITLE STATEMENT |
| Title |
It's all about race: |
| Remainder of title |
how state legislators respond to immigrant constituents |
| 260 ## - PUBLICATION, DISTRIBUTION, ETC. (IMPRINT) |
| Date of publication, distribution, etc |
2018 |
| 300 ## - PHYSICAL DESCRIPTION |
| Extent |
p.517-531. |
| 520 ## - SUMMARY, ETC. |
| Summary, etc |
How do elected representatives respond to the needs of immigrant constituents? We report the results of a field experiment on U.S. state legislators in which the nativity, likelihood of voting, and race/ethnicity of a hypothetical constituent are independently manipulated. The experimental design allows us to contribute new insights by isolating the various elements that may impede the connection between immigrants and elected representatives. Moreover, we explore racial/ethnic identities beyond black and white by including Latino and Asian aliases. Contrary to expectations, nativity and voting status do not affect response rates. Instead, legislator behavior appears to be driven by racial/ethnic bias. Whites benefit from the highest response rate, while blacks, Hispanics, and Asians all receive lower rates, respectively. This bias follows a partisan logic. The low response rate for Hispanic constituents comes primarily from Republican legislators, whereas Asians experience bias from representatives of both parties. We argue that this difference may result from Hispanic identity sending a stronger signal about partisan affiliation, or from a prejudicial view of Asians as outsiders. In this last interpretation, rather than the model minority, Asians become the excluded minority. - Reproduced. |
| 650 ## - SUBJECT ADDED ENTRY--TOPICAL TERM |
| Topical term or geographic name as entry element |
Ethnic discrimination |
| 9 (RLIN) |
2428 |
| 773 ## - HOST ITEM ENTRY |
| Main entry heading |
Political Research Quarterly |
| 906 ## - LOCAL DATA ELEMENT F, LDF (RLIN) |
| Subject DIP |
Legislators - U.S.A. |
| 942 ## - ADDED ENTRY ELEMENTS (KOHA) |
| Source of classification or shelving scheme |
|
| Item type |
Articles |